000 02466cam a22002895a 4500
001 L155830
008 120417s2012 xxk f 000 0 eng d
020 _a9781119963875
035 _a(Sirsi) u155830
041 _aeng
100 _aFurmston, Michael
245 _aBuilding contract casebook
_h[electronic resource]
250 _a5th ed.
260 _bWiley-Blackwell
_c2012
300 _aebook
505 2 _aPart I Formation of the contract -- 1 Letters of Intent -- 2 Costs of Tendering -- 3 Tenders and Estimates -- 4 Incorporation of Documents -- 5 Completion of the Contract -- Part II Performance of the contract -- 6 The Contractor's Obligations -- Design -- Materials and workmanship -- Progress and completion -- Indemnities and insurance -- 7 The Employer's Obligations -- Possession of site -- Time and extent of possession -- Site conditions -- Co-operation -- Instructions -- Payment -- Lump sum contracts -- Other contracts -- Retention -- Quantum meruit -- Set-off -- Miscellaneous -- Nomination of sub-contractors and specialists -- Objection to nominees -- Displacement of implied terms -- Form of sub-contracts -- Effect of failure -- Default in supply of goods -- 8 Ownership and Vesting of Materials -- Materials and goods -- Vesting clauses -- 9 Acceptance and Defects -- 10 Approval and Certificates -- General -- Nature and effect of certificates -- Recovery without certificate -- 11 Variations -- 12 Damages for Breach of Construction Contracts -- 13 Prolongation and Disruption Claims -- 14 Liquidated Damages and Extensions of Time -- Liquidated damages -- Extensions of time -- Interpretation of provisions -- Part III Discharge of the contract -- 15 Release -- 16 Frustration -- 17 Illegality -- 18 Forfeiture Clauses, Repudiation and Determination -- 19 Limitation -- The Limitation Act 1980 -- Latent Damage Act 1986 -- Part IV Sub-contracts and sub-contracting -- 20 Assignment and Sub-letting -- 21 Domestic Sub-contractors -- 22 Nominated Sub-contractors -- Part V Building contracts and the law of tort -- 23 Building Contracts and the Law of Tort
650 _aCONTRACT LAW
650 _aTENDERING
650 _aSUBCONTRACTS
650 _aEXTENSIONS OF TIME
650 2 4 _aEBOOK
650 _aLIQUIDATED DAMAGES
651 4 _aInternational
690 _aContracts
_96232
856 4 0 _uhttps://www.vlebooks.com/
_zView on VLEbooks. Logins for members only from [email protected]
942 _n0
999 _c113859
_d113859